| 000 | 02627cam a2200493 a 4500 | ||
|---|---|---|---|
| 001 | ocn192004625 | ||
| 003 | OCoLC | ||
| 005 | 20100830041841.0 | ||
| 008 | 080213s2007 fr b 000 0 eng c | ||
| 040 |
_aONA _cONA _dSLU _dILI _dAU@ _dCOD _dMUQ _dBTCTA _dYDXCP |
||
| 019 | _a457141631 | ||
| 020 | _a9789287162267 | ||
| 020 | _a9287162263 | ||
| 029 | 1 |
_aAU@ _b000043198316 |
|
| 029 | 1 |
_aAU@ _b000043362294 |
|
| 029 | 1 |
_aUNITY _b110459008 |
|
| 029 | 1 |
_aUKBCI _b9287162263 |
|
| 029 | 1 |
_aGBVCP _b578029200 |
|
| 029 | 1 |
_aDEBBG _bBV035032499 |
|
| 035 |
_a(OCoLC)192004625 _z(OCoLC)457141631 |
||
| 042 | _apcc | ||
| 050 | 4 |
_aHV6773 _b.C93 2007 |
|
| 082 | 0 | 0 |
_a345.268 _222 |
| 049 | _aSZTA | ||
| 245 | 0 | 0 |
_aCyberterrorism : _bthe use of the Internet for terrorist purposes. |
| 246 | 3 | _aCyberterrorism, the use of the Internet for terrorist purposes | |
| 246 | 3 | 0 | _aUse of the Internet for terrorist purposes |
| 260 |
_aStrasbourg : _bCouncil of Europe Pub., _cc2007. |
||
| 300 |
_a497 p. ; _c25 cm. |
||
| 504 | _aIncludes bibliographical references. | ||
| 505 | 0 | _aThreat analysis: use of the Internet for terrorist purposes and cyberterrorism -- Legal and policy evaluation: international co-operation against terrorist use of the Internet -- Conclusions -- National reports: Armenia; Austria; Belgium; Bosnia and Herzegovina; Croatia; Cyprus; Czech Republic; Denmark; Estonia; Finland; Germany; Hungary; Latvia; Lithuania; Luxembourg; Moldova; Norway; Portugal; Romania; Russian Federation; Slovak Republic; Spain; Sweden; Switzerland; "the former Yugoslav Republic of Macedonia"; Turkey; United Kingdom; Mexico; United States of America -- Selected Council of Europe reference texts. | |
| 520 | _aThis publication contains a report that evaluates the main problems that arise in the context of cyberterrorism and provides recommendations, together with reports on the situation in the member and observer states of the Council of Europe and the relevant Council of Europe conventions.--Publisher's description. | ||
| 650 | 0 |
_aCyberterrorism _xPrevention. |
|
| 650 | 0 |
_aComputer networks _xSecurity measures. |
|
| 650 | 0 |
_aComputer security _xLaw and legislation. |
|
| 650 | 6 |
_aCyberterrorisme _xPrévention _zEurope. |
|
| 650 | 6 |
_aRéseaux d'ordinateurs _xSécurité _xMesures _zEurope. |
|
| 650 | 6 |
_aSécurité informatique _xDroit _zEurope. |
|
| 710 | 2 | _aCouncil of Europe. | |
| 938 |
_aBaker and Taylor _bBTCP _nBK0008593503 |
||
| 938 |
_aYBP Library Services _bYANK _n3407092 |
||
| 994 |
_aC0 _bSZT |
||
| 999 |
_c898 _d898 |
||